On This Day: July 17th Quiz Stats

 Plays Quiz Updated Jul 17, 2017

Support Sporcle.
Go Orange.
Score 0/7 Timer 03:00
0 Plays Today
Question Answer Wrong Answers
The national drinking age in the United States was changed from ______ to 21.
1984
18
90.7%
20
2.1%
16
2%
17
1%
King George V issues a Proclamation stating that the male line descendants of the British Royal Family will bear the surname ______.
1917
Windsor
84.7%
Hanover
2.7%
Stuart
3.3%
Tudor
9.3%
This Tsar of Russia and his immediate family are executed by Bolshevik Chekists at the Ipatiev House in Yekaterinburg, Russia.
1918
Nicholas II
83.8%
Alexander III
9.1%
Peter I
4.9%
Paul I
0.8%
Disneyland is dedicated and opened by Walt Disney in this California city.
1955
Anaheim
77.4%
San Diego
7.8%
Pasadena
8.5%
Fresno
2.3%
An Armed Forces rebellion against the recently elected Popular Front government of ______ starts a civil war.
1936
Spain
76.6%
Portugal
6.2%
France
6.2%
Italy
8.8%
This well-known German politician, a former research scientist with a doctorate in physical chemistry, is born.
1954
Angela Merkel
71.3%
Gerhard Schröder
16.6%
Wolfgang Schäuble
5.9%
François Hollande
2.5%
The main three leaders of the Allied nations, Winston Churchill, Harry S. Truman, and Joseph Stalin, meet in the city of ______ to decide the future of a defeated Germany.
1945
Potsdam
57.5%
Berlin
7.1%
Vienna
16.9%
Paris
15.3%

You're not logged in!

Compare scores with friends on all Sporcle quizzes.
OR
Log In
Forgot?

From the Vault

Click the Himalayas Countries

by PrincessMartell

Being able to climb them is not a necessary skill here.
Remove Ads.
Support Sporcle.
Get the best of Sporcle when you Go Orange. This ad-free experience offers more features, more stats, and more fun while also helping to support Sporcle. Thank you for becoming a member.

Show Comments

Extras

Top Quizzes Today


Score Distribution

Your Account Isn't Verified!

In order to create a playlist on Sporcle, you need to verify the email address you used during registration. Go to your Sporcle Settings to finish the process.

Report this User

Report this user for behavior that violates our Community Guidelines.

Details: